| 000 | 02734nam a2200313Ia 4500 | ||
|---|---|---|---|
| 999 |
_c47820 _d47820 |
||
| 001 | 14694 | ||
| 003 | GE_BSU | ||
| 005 | 20241121110331.0 | ||
| 008 | 181216s2012||||ge |||||||||||||| ||geo|| | ||
| 020 | _a9789941050107 | ||
| 040 | _cGE_BSU | ||
| 041 | _ageo | ||
| 080 | _a821.353.1’01.09 მ-54 | ||
| 100 |
_aმელიქიშვილი, ნინო _910761 |
||
| 245 |
_a ბიბლიოლოგია = Bibliology : (ბიბლიურ წიგნთა ძველი ქართული თარგმანები) / _cნინო მელიქიშვილი ; რედ. მთავარეპისკოპოსი სტეფანე (კალაიჯიშვილი) ; ხელნაწერთა ეროვნ. ცენტრი, წმ. მაქსიმე აღმსარებლის სახ. საერთაშორისო სამეცნიერო-საღვთისმეტყველო ცენტრი. |
||
| 264 |
_aთბილისი : _bაღმსარებელი, _c2012. |
||
| 300 |
_a600 გვ. ; _c27 სმ. |
||
| 490 |
_aნარკვევები ძველი ქართული სასულიერო მწერლობის ისტორიიდან : ბიბლიოლოგია. ჰომილეტიკა _vI |
||
| 500 | _aეძღვნება კათოლიკოს-პატრიარქის ილია II-ის აღსაყდრებიდან 35 წლისთავს | ||
| 500 | _a გარეკანზე : ნარკვევები ძველი ქართული სასულიერო მწერლობის ისტორიიდან I | ||
| 500 | _a პარალელური თავფურცელი ინგლისურ ენაზე | ||
| 504 | _aბიბლიოგრ. თავების ბოლოს, ტექსტის შენიშვნ. და გვ. 573-590 | ||
| 520 | _a რეზიუმე ინგლისურ ენაზე | ||
| 653 | _aბიბლიოლოგია | ||
| 653 | _aძველი ქართული სასულიერო მწერლობის ისტორია | ||
| 700 |
_aსტეფანე, კალაიჯიშვილი _eრედაქტორი _923765 |
||
| 710 |
_aხელნაწერთა ეროვნული ცენტრი _bწმ. მაქსიმე აღმსარებლის სახ. საერთაშორისო სამეცნიერო-საღვთისმეტყველო ცენტრი. _923766 |
||
| 942 |
_cBK _2udc |
||